Daily Capital City Riddle #146 - Statistics

General Stats
  • This quiz has been taken 25 times
  • The average score is 30 of 36
Answer Stats
Type Answer % Correct
Found Letter A
100%
Alphabet Letter I
100%
Alphabet Letter N
100%
Found Letter S
100%
Found Letter T
100%
Found Letter C
95%
Alphabet Letter D
95%
Found Letter E
95%
Alphabet Letter G
95%
Found Letter H
95%
Alphabet Letter L
95%
Alphabet Letter M
95%
Alphabet Letter O
95%
Alphabet Letter P
95%
Found Letter R
95%
Found Letter U
95%
Found Letter B
90%
Alphabet Letter K
85%
Correctly Placed Letter U
85%
Correctly Placed Letter B
80%
Correctly Placed Letter H
80%
Alphabet Letter Y
80%
Alphabet Letter F
75%
Alphabet Letter W
75%
Correctly Placed Letter A
70%
Alphabet Letter J
70%
Correctly Placed Letter T
70%
Alphabet Letter V
70%
Correctly Placed Letter E
65%
Alphabet Letter Q
65%
Correctly Placed Letter R
65%
Alphabet Letter Z
65%
Mystery Capital Bucharest
60%
Correctly Placed Letter C
60%
Correctly Placed Letter S
60%
Alphabet Letter X
60%
No matching quizzes found
Score Distribution
Percent of People with Each Score
Percentile by Number Answered
Your Score History
You have not taken this quiz